Statistics for Countries That Have Been In Space

Click here to take the quiz!

General Stats

  • This quiz has been taken 33 times
  • The average score is 38 of 48

Answer Stats

Countries% Correct
Brazil
100%
China
100%
Italy
100%
Russia
100%
Spain
100%
Canada
96%
India
96%
South Korea
96%
United States
96%
Japan
92%
Mexico
92%
Poland
92%
Portugal
92%
United Kingdom
92%
Australia
88%
Belgium
88%
France
88%
Iran
88%
Saudi Arabia
88%
South Africa
88%
Sweden
88%
Austria
83%
Denmark
83%
Egypt
83%
Israel
83%
Netherlands
83%
Pakistan
83%
Turkey
83%
Afghanistan
79%
Czech Republic
79%
Switzerland
79%
Ukraine
75%
United Arab Emirates
75%
Vietnam
75%
Kazakhstan
71%
Romania
71%
Slovakia
71%
Soviet Union
71%
Bulgaria
67%
Hungary
67%
Malaysia
67%
Syria
63%
Belarus
58%
Cuba
58%
Mongolia
58%
East Germany
46%
West Germany
42%
Antigua and Barbuda
25%

Score Distribution

Percentile by Number Answered

Percent of People with Each Score

Your Score History

You have not taken this quiz